| 000 | 00695nam a2200193 a 4500 | ||
|---|---|---|---|
| 005 | 20210219160300.0 | ||
| 008 | 081006s1991 mx r 000 0 spa d | ||
| 035 | _aUPN01000162323 | ||
| 049 | _aUNE | ||
| 080 | _a37.014. 22 (540)=20 =40SIV No.195. | ||
| 100 | 1 | _aSivadas, S. | |
| 245 | 1 | 0 |
_aHow Ernakulam became the first fully literate district of India = Comment l'Ernakulam devint le premier district entièrement alphabète del'Inde / _cS. Sivadas. |
| 260 |
_aParis : _bUNESCO; _aNew York : _bUNICEF; _aRome : _bWFP, _c1991. |
||
| 300 | _a42 p. | ||
| 440 | 0 | _aNotes, comments...; 195 | |
| 690 | _aAlfabetizacion- India | ||
| 690 | _aProgramas de alfabetizacion- India | ||
| 905 | _aUNESCO | ||
| 999 |
_c134436 _d134436 |
||